000 01474cam a2200277 4500
008 031029n2003 000 0 eng u
020 _a0470851287
035 _a(Sirsi) u124116
041 _aeng
050 _a658.408
_c21
050 _a333.72
_c18
100 _aMorris, Alan S.
245 _aISO 14000 Environmental management standards
_bengineering and financial aspects
260 _aChichester
_bWiley
_c2003
300 _axiv, 286p.
_c26cm.
350 _a50
520 _aDeals with both management and engineering issues relevant to implementing an environmental management system. Covers the requirements of ISO 14001: 2002 environmental management systems (EMS); measurement systems and instruments including signal conversion, processing, transmission and recording; quantification, effects and control of air and water pollution; noise, vibration and shock pollution; waste management; system reliability and risk assessment for environmental protection; statistical process control; and monitoring process parameter values. Appendices include a summary of ISO 14000 series standards and a typical structure of an EMS manual.
650 _aBS EN ISO 14000 SERIES
650 _aISO 14001: 2002
650 _aENVIRONMENTAL MANAGEMENT SYSTEMS
650 _aMEASURING INSTRUMENTS
650 _aENVIRONMENTAL STANDARDS
650 _aENVIRONMENTAL PERFORMANCE
690 _aENVIRONMENTAL AND LAND CONSULTANCY-ENVIRONMENTAL MANAGEMENT
942 _n0
999 _c103149
_d103149